Normal view MARC view

Entry Corporate Name

Number of records used in: 1

001 - CONTROL NUMBER

  • control field: 3950

003 - CONTROL NUMBER IDENTIFIER

  • control field: OSt

005 - DATE AND TIME OF LATEST TRANSACTION

  • control field: 20110511132530.0

008 - FIXED-LENGTH DATA ELEMENTS

  • fixed length control field: 110511|||a|||||| | ||| d

040 ## - CATALOGING SOURCE

  • Original cataloging agency: OSt
  • Transcribing agency: OSt

110 ## - HEADING--CORPORATE NAME

  • Corporate name or jurisdiction name as entry element: Kenya.
  • Subordinate unit: High Court.

670 ## - SOURCE DATA FOUND

  • Source citation: Work cat.: (OSt): The East Africa law reports 2002 Vol.2 /, c2003-